<?xml version="1.0" encoding="UTF-8"?>
<record
    xmlns:xsi="http://www.w3.org/2001/XMLSchema-instance"
    xsi:schemaLocation="http://www.loc.gov/MARC21/slim http://www.loc.gov/standards/marcxml/schema/MARC21slim.xsd"
    xmlns="http://www.loc.gov/MARC21/slim">

  <leader>01305nam a22003377a 4500</leader>
  <controlfield tag="001">36368</controlfield>
  <controlfield tag="003">Ost</controlfield>
  <controlfield tag="005">20260507154550.0</controlfield>
  <controlfield tag="008">251113s9999||||xx |||||||||||||| ||eng||</controlfield>
  <datafield tag="020" ind1=" " ind2=" ">
    <subfield code="a">9789353226817</subfield>
  </datafield>
  <datafield tag="040" ind1=" " ind2=" ">
    <subfield code="c">nitttr</subfield>
  </datafield>
  <datafield tag="082" ind1=" " ind2=" ">
    <subfield code="a">491.438</subfield>
    <subfield code="b">MAN-T</subfield>
  </datafield>
  <datafield tag="100" ind1=" " ind2=" ">
    <subfield code="a">Tiwari Bhola Nath - &#x924;&#x93F;&#x935;&#x93E;&#x930;&#x940; &#x92D;&#x94B;&#x932;&#x93E; &#x928;&#x93E;&#x925;</subfield>
  </datafield>
  <datafield tag="245" ind1=" " ind2="0">
    <subfield code="a">Manak Hindi ka Swaroop - &#x92E;&#x93E;&#x928;&#x915; &#x939;&#x93F;&#x902;&#x926;&#x940; &#x915;&#x93E; &#x938;&#x94D;&#x935;&#x930;&#x942;&#x92A;</subfield>
  </datafield>
  <datafield tag="250" ind1=" " ind2=" ">
    <subfield code="a">1st Ed.</subfield>
  </datafield>
  <datafield tag="260" ind1=" " ind2=" ">
    <subfield code="a">New Delhi, India</subfield>
    <subfield code="b">Prabhat Prakashan</subfield>
    <subfield code="c">2019</subfield>
  </datafield>
  <datafield tag="300" ind1=" " ind2=" ">
    <subfield code="a">210 p.</subfield>
  </datafield>
  <datafield tag="650" ind1=" " ind2=" ">
    <subfield code="a"> &#x92D;&#x93E;&#x937;&#x93E; &#x914;&#x930; &#x938;&#x92E;&#x93E;&#x91C; </subfield>
  </datafield>
  <datafield tag="650" ind1=" " ind2=" ">
    <subfield code="a"> &#x92D;&#x93E;&#x937;&#x93E; &#x92A;&#x94D;&#x930;&#x92F;&#x94B;&#x917; </subfield>
  </datafield>
  <datafield tag="650" ind1=" " ind2=" ">
    <subfield code="a"> &#x92D;&#x93E;&#x937;&#x93E; &#x92E;&#x93E;&#x928;&#x915;&#x940;&#x915;&#x930;&#x923; </subfield>
  </datafield>
  <datafield tag="650" ind1=" " ind2=" ">
    <subfield code="a"> &#x92D;&#x93E;&#x937;&#x93E;&#x908; &#x928;&#x93F;&#x92F;&#x92E; &#x914;&#x930; &#x92E;&#x93E;&#x928;&#x915;</subfield>
  </datafield>
  <datafield tag="650" ind1=" " ind2=" ">
    <subfield code="a"> &#x92D;&#x93E;&#x937;&#x93E;&#x935;&#x93F;&#x91C;&#x94D;&#x91E;&#x93E;&#x928; (Linguistics) </subfield>
  </datafield>
  <datafield tag="650" ind1=" " ind2=" ">
    <subfield code="a"> &#x935;&#x94D;&#x92F;&#x93E;&#x915;&#x930;&#x923;&#x93F;&#x915; &#x938;&#x94D;&#x935;&#x930;&#x942;&#x92A; </subfield>
  </datafield>
  <datafield tag="650" ind1=" " ind2=" ">
    <subfield code="a"> &#x936;&#x92C;&#x94D;&#x926; &#x914;&#x930; &#x935;&#x93E;&#x915;&#x94D;&#x92F; &#x938;&#x902;&#x930;&#x91A;&#x928;&#x93E; </subfield>
  </datafield>
  <datafield tag="650" ind1=" " ind2=" ">
    <subfield code="a"> &#x939;&#x93F;&#x902;&#x926;&#x940; &#x915;&#x93E; &#x935;&#x93F;&#x915;&#x93E;&#x938; </subfield>
  </datafield>
  <datafield tag="650" ind1=" " ind2=" ">
    <subfield code="a"> &#x939;&#x93F;&#x902;&#x926;&#x940; &#x915;&#x93E; &#x936;&#x941;&#x926;&#x94D;&#x927; &#x930;&#x942;&#x92A; </subfield>
  </datafield>
  <datafield tag="650" ind1=" " ind2=" ">
    <subfield code="a"> &#x939;&#x93F;&#x902;&#x926;&#x940; &#x92D;&#x93E;&#x937;&#x93E; &#x915;&#x940; &#x938;&#x902;&#x930;&#x91A;&#x928;&#x93E; </subfield>
  </datafield>
  <datafield tag="650" ind1=" " ind2=" ">
    <subfield code="a"> &#x939;&#x93F;&#x902;&#x926;&#x940; &#x935;&#x94D;&#x92F;&#x93E;&#x915;&#x930;&#x923; &#x905;&#x927;&#x94D;&#x92F;&#x92F;&#x928; </subfield>
  </datafield>
  <datafield tag="650" ind1=" " ind2=" ">
    <subfield code="a">&#x928;&#x915; &#x939;&#x93F;&#x902;&#x926;&#x940; (Standard Hindi) </subfield>
  </datafield>
  <datafield tag="942" ind1=" " ind2=" ">
    <subfield code="c">BK</subfield>
  </datafield>
  <datafield tag="999" ind1=" " ind2=" ">
    <subfield code="c">180</subfield>
    <subfield code="d">180</subfield>
  </datafield>
  <datafield tag="952" ind1=" " ind2=" ">
    <subfield code="0">0</subfield>
    <subfield code="1">0</subfield>
    <subfield code="4">0</subfield>
    <subfield code="7">0</subfield>
    <subfield code="a">NITTTR</subfield>
    <subfield code="b">NITTTR</subfield>
    <subfield code="d">2026-05-07</subfield>
    <subfield code="l">0</subfield>
    <subfield code="o">491.438 MAN-T</subfield>
    <subfield code="p">50297</subfield>
    <subfield code="r">2026-05-07 15:45:50</subfield>
    <subfield code="w">2026-05-07</subfield>
    <subfield code="y">BK</subfield>
  </datafield>
</record>
